"Mohol by som robiť niečo iné?"

Bibliographic Details
Main Authors: Hroncová, Silvia, 1964- (ain), Uličianska, Zuzana, 1962- (Author, ain), Votava, Aleš, 1962-2001 (Author, uin)
Format: Article
Language:Slovak
PhysicalDescription:Fotogr.
Subjects:

MARC

LEADER 00000nab a2200000 a 4500
001 vtls000671039
003 SK-MaSNL
005 20260305023042.0
008 040806c1998 xo 0 slo
015 |a SNBRB1998/09-26854 
035 |a CLN000023216 
040 |a SNKBUCL  |b slo  |c SNKBUCL  |e AACR2 
041 0 |a slo 
044 |a xo  |c SK 
080 |a 792.021.071.1  |2 UDC-MRF-SK2 
100 1 |a Hroncová, Silvia,  |d 1964-  |4 ain  |9 104960 
245 1 0 |a "Mohol by som robiť niečo iné?"  |c s použitím otázok Silvii Hroncovej a Zuzany Uličianskej spísal Aleš Votava 
300 |b Fotogr. 
600 1 7 |a Votava, Aleš,  |d 1962-2001  |2 snkbucl  |9 182083 
655 7 |a články z novín a časopisov  |2 snkbucl  |9 267496 
700 1 |a Uličianska, Zuzana,  |d 1962-  |4 aut  |4 ain  |9 103260 
700 1 |a Votava, Aleš,  |d 1962-2001  |4 aut  |4 uin  |9 182083 
773 0 |t Divadlo v medzičase  |g Roč. 3, č. 3 (1998), s. 1-3 
850 |a Slovenská národná knižnica v Martine 
852 |a SNK  |b KIS3GCP 
999 |c 3294331  |d 3296261